00758nam a2200181Ia 4500003000900000008004100009020002600050040001600076100002500092245008400117260003200201300002000233490003300253856010300286942000700389999001700396952016300413IN-BaIIA211028s9999 xx s 000 0 eng d a9780892526161 (Print) cIIA Library aKaplan, Herbert, ed. 0aThermosense VIII: Thermal Infrared Sensing for Diagnostics and Controlh[eBook] aWashington, USAbSPIEc1986 aOnline resource aProceedings of SPIE; V. 0581 uhttps://www.spiedigitallibrary.org/conference-proceedings-of-spie/0581yClick Here to Access eBook cEB c33159d33159 00104070aBANbBANd2011-07-01eSPIEhV. 581l0pEB12619r2021-11-05uhttps://www.spiedigitallibrary.org/conference-proceedings-of-spie/0581w2021-11-05yEB